My Top 20 Favorite Anime - Statistics

General Stats
  • This quiz has been taken 23 times
  • The average score is 4 of 20
Answer Stats
Rank Genres Answer % Correct
9 Fantasy, Demons Demon Slayer
52%
19 Fantasy, Post Apocalyptic Attack On Titan
43%
13 Isekai, Game No Game No Life
43%
14 Superhero, Comedy One Punch Man
43%
3 Isekai, Game Sword Art Online
43%
7 Fantasy, Kids Pokemon XYZ
35%
5 Isekai, Game Overlord
22%
18 Time-Travel, Science Dr. Stone
17%
2 Isekai, Fantasy That Time I Got Reincarnated as a Slime
17%
8 Game, Kids Yugioh ARCV
17%
1 Fantasy, Supernatural Fate/Stay Night Unlimited Bladeworks
9%
20 Fantasy, Dark Akame ga Kill
4%
11 Martial Arts Dragon Ball Super
4%
4 Fantasy, Adventure The Seven Deadly Sins
4%
10 Game, Sci-fi Accel World
0%
12 Isekai, Magic Black Summoner
0%
16 Slice of Life, Harem Date Alive
0%
17 Isekai, Fantasy Reincarnated as a Sword
0%
15 Fantasy, Mystery Rokka Braves Of The Six Flowers
0%
6 Isekai, Female Protagonist So I'm A Spider, So What?
0%
No matching quizzes found
Score Distribution
Percent of People with Each Score
Percentile by Number Answered
Your Score History
You have not taken this quiz